000 00491nam a22001817a 4500
999 _c524425
_d524425
003 NUST
005 20190621051112.0
038 _aFaiza
082 _a297.77
_bSID
100 _aSaddique, Safdar Hassan
_915244
245 _aMazhabi Rawadari /
_cSafdar Hassan Siddique
260 _a :مشعل
_b ،لاہور
_c2000.
300 _a188p. ;
500 _aHard Cover
880 _6100-01\r
_aصفدر حسن صد یقی
880 _6245-02\r
_a /مذیبی رواداری
942 _2ddc
_cBK